Statistics for Hypothetical Countries Qualify in World Cup 2026

Click here to take the quiz!

General Stats

  • This quiz has been taken 112 times
    (84 since last reset)
  • The average score is 38 of 48

Answer Stats

Qualified AsRankingAnswer% Correct
CONMEBOL 2nd3Argentina
91%
CONMEBOL 1st1Brazil
91%
CONCACAF 4th & Co-Host43Canada
91%
CONMEBOL 4th17Colombia
91%
UEFA 2nd4France
91%
CONCACAF 1st & Co-Host12Mexico
91%
CONCACAF 2nd & Co-Host14United States
91%
CONMEBOL 3rd13Uruguay
91%
AFC 4th39Australia
87%
CONMEBOL 6th29Chile
87%
CAF 6th40Egypt
87%
UEFA 3rd5England
87%
UEFA 9th11Germany
87%
AFC 2nd24Japan
87%
CAF 2nd22Morocco
87%
CAF 1st18Senegal
87%
AFC 3rd28South Korea
87%
UEFA 4th6Spain
87%
CAF 7th41Algeria
84%
CAF 5th38Cameroon
84%
UEFA 10th15Croatia
84%
UEFA 7th9Portugal
84%
AFC 6th53Saudi Arabia
84%
UEFA 1st2Belgium
82%
UEFA 6th8Netherlands
82%
OFC 1st103New Zealand
82%
CAF 4th31Nigeria
82%
CONCACAF 3rd34Costa Rica
80%
UEFA 8th10Denmark
80%
UEFA 5th7Italy
80%
CONMEBOL 5th21Peru
80%
AFC 1st23Iran
78%
CONCACAF 5th61Panama
78%
UEFA 13th20Sweden
78%
CAF 3rd30Tunisia
78%
AFC 5th49Qatar
76%
UEFA 11th16Switzerland
76%
UEFA 12th19Wales
73%
UEFA 14th25Serbia
71%
UEFA 15th26Poland
69%
CAF 9th52Ivory Coast
67%
CONCACAF 6th62Jamaica
60%
AFC 7th69United Arab Emirates
60%
AFC 8th70Iraq
58%
UEFA 16th27Ukraine
58%
Play-off 1st44Ecuador
56%
CAF 8th46Mali
49%
Play-off 2nd55Burkina Faso
20%

Score Distribution

Percentile by Number Answered

Percent of People with Each Score

Your Score History

You have not taken this quiz since the last reset